The United States in the Indo-Pacific (Record no. 9653)
[ view plain ]
| 000 -LEADER | |
|---|---|
| fixed length control field | 00468nam a2200121Ia 4500 |
| 008 - FIXED-LENGTH DATA ELEMENTS--GENERAL INFORMATION | |
| fixed length control field | 220615s9999||||xx |||||||||||||| ||und|| |
| 245 #4 - TITLE STATEMENT | |
| Title | The United States in the Indo-Pacific |
| Remainder of title | Obama’s Legacy and the Trump Transition |
| 546 ## - LANGUAGE NOTE | |
| Language note | English[eng] |
| 650 ## - SUBJECT ADDED ENTRY--TOPICAL TERM | |
| Topical term or geographic name entry element | Political Science||International Relations||General |
| 700 ## - ADDED ENTRY--PERSONAL NAME | |
| Personal name | Turner, Oliver||Parmar, Inderjeet |
| 856 ## - ELECTRONIC LOCATION AND ACCESS | |
| Uniform Resource Identifier | <a href="https://library.oapen.org/bitstream/20.500.12657/44048/1/external_content.pdf">https://library.oapen.org/bitstream/20.500.12657/44048/1/external_content.pdf</a> |
| 942 ## - ADDED ENTRY ELEMENTS (KOHA) | |
| Koha item type | E-Books |
| Withdrawn status | Lost status | Damaged status | Not for loan | Home library | Current library | Date acquired | Total Checkouts | Date last seen | Price effective from | Koha item type |
|---|---|---|---|---|---|---|---|---|---|---|
| Kerala University of Digital Sciences, Innovation and Technology Knowledge Centre | Kerala University of Digital Sciences, Innovation and Technology Knowledge Centre | 15/06/2022 | 15/06/2022 | 15/06/2022 | E-Books |